| 000 | 01005nam a2200277 i 4500 | ||
|---|---|---|---|
| 001 | bg | ||
| 245 | 0 | 0 |
_aPrawo gospodarcze i handlowe : _bteksty jednolite wraz z indeksem rzeczowym : z komentarzem / _cJerzego Hrycaja i Aleksandra Stuglika. |
| 250 | _aStan prawny listopad 2001 r. | ||
| 260 |
_aWarszawa : _bC. H. Beck, _c2001. |
||
| 300 |
_aX, 356 s. ; _c20 cm. |
||
| 490 | 1 | _aTeksty Ustaw Becka | |
| 500 | _aNa okł. podtyt.: prawo działalności gospodarczej, Krajowy Rejestr Sądowy, ochrona konkurencji i konsumentów, kodeks spółek handlowych. | ||
| 504 | _aIndeks. | ||
| 650 | 9 |
_aPrawo gospodarcze _zPolska _ystan na 2001 r. |
|
| 650 | 9 |
_aPrawo handlowe _zPolska _ystan na 2001 r. |
|
| 700 | 1 |
_aHRYCAJ, Jerzy. _ekoment |
|
| 700 | 1 |
_aSTUGLIK, Aleksander. _ekoment |
|
| 830 | _aTeksty Ustaw Becka | ||
| 020 | _a8372478163 | ||
| 040 | _cBPK | ||
| 041 | 0 | _apl | |
| 080 | _a346+347.7](438)(094.4) | ||
| 920 | _a83-7247-816-3 | ||
| 942 | _cKS | ||
| 008 | s pl f |000 0 pol | ||
| 999 |
_c40427 _d40427 |
||
| 856 |
_uhttp://koha.tu.koszalin.pl/cgi-bin/koha/opac-detail.pl?biblionumber=40427 _yKatalog online BPK |
||